Szczegóły MARC21

Neurocentryczny trening siłowy : rewolucja w treningu siłowym : jak zwiększyć wydolność i siłę poprzez trening układu nerwowego, poprawiając koordynację oraz kontrolę mięśni, aby osiągać najlepsze wyniki i wyeliminować kontuzje /

003 -Nazwa inst., której nr kontr. jest w polu 001 [,]
    • @
    • Nazwa instytucji, której n kontrolny jest w polu 001
    • NUKAT
005 -DATA I CZAS OSTATNIEJ MODYFIKACJI [,]
    • @
    • pole kontrolne
    • 20250502170826.0
020 -Międzynarod. znormalizowany nr książki - ISBN [ , ]
    • a
    • Numer ISBN
    • 9788382728262 Find
    • q
    • Dopowiedzenie
    • (oprawa miękka) :
    • c
    • Terms of availability
    • zł 99,90
040 -Instytucja sporządzająca opis [ , ]
    • a
    • Instytucja, która sporządziła opis (NP)
    • MBPWR
    • c
    • Instytucja, która sporządziła rekord (NP)
    • MBPWR
    • d
    • Instytucja, która zmodyfikowała rekord (P)
    • MBPWR
    • d
    • Instytucja, która zmodyfikowała rekord (P)
    • WA M
    • d
    • Instytucja, która zmodyfikowała rekord (P)
    • KR 122
041 -Język dokumentu [1, ]
    • a
    • Język tekstu (P)
    • polski
    • h
    • Język tekstu oryginalnego i/lub pośredniego (P)
    • niemiecki
942 -Rodzaj dokumentu [ , ]
    • c
    • Rodzaj dokumentu
    • Książka
100 -Hasło główne - nazwa osobowa [1, ]
    • a
    • Nazwa osobowa (NP)
    • Meinart, Patrick.
    • e
    • Rodzaj współpracy
    • Autor
    • 9
    • KHW
    • 723704
245 -Strefa tytułu i oznaczenia odpowiedzialności [1,0]
    • a
    • Tytuł
    • Neurocentryczny trening siłowy : Find
    • b
    • Ciąg dalszy tytułu (NP)
    • rewolucja w treningu siłowym : jak zwiększyć wydolność i siłę poprzez trening układu nerwowego, poprawiając koordynację oraz kontrolę mięśni, aby osiągać najlepsze wyniki i wyeliminować kontuzje / Find
    • c
    • Pozostałe elementy strefy tytułu i oznaczenia odpowiedzialności (NP)
    • Patrick Meinart ; [tłumaczenie: Maria Stożek-Dahl].
246 -Wariant tytułu [1, ]
    • i
    • Tekst wyświetlany na ekranie monitora (NP)
    • Tytuł oryginału:
    • a
    • Tytuł (NP)
    • Neue Krafttraining :
    • b
    • Ciąg dalszy tytułu (NP)
    • wie du mit neurozentriertem training gehirn und muskeln optimal stimulierst, um deine performance zu steigern,
246 -Wariant tytułu [3,0]
    • a
    • Tytuł (NP)
    • Rewolucja w treningu siłowym : jak zwiększyć wydolność i siłę poprzez trening układu nerwowego, poprawiając koordynację oraz kontrolę mięśni, aby osiągać najlepsze wyniki i wyeliminować kontuzje
250 -Strefa wydania [ , ]
    • a
    • Oznaczenie wydania (NP)
    • Wydanie I.
260 -Strefa adresu wydawniczego [ , ]
    • a
    • Miejsce wydania (P)
    • Białystok :
    • b
    • Nazwa wydawcy (P)
    • Vital,
    • c
    • Data wydania (P)
    • 2025.
300 -Strefa opisu fizycznego [ , ]
    • a
    • Określenie formy książki i/lub objętość (NP)
    • 272 strony :
    • b
    • Oznaczenie ilustracji (NP)
    • fotografie, ilustracje, portrety ;
    • c
    • Format (NP)
    • 24 cm.
336 -Typ zawartości [ , ]
    • a
    • Termin opisujący typ zawartości
    • Tekst
    • b
    • Kod określający zawartość
    • txt
    • 2
    • Źródło (terminu i kodu)
    • rdacontent
336 -Typ zawartości [ , ]
    • a
    • Termin opisujący typ zawartości
    • Obraz
    • b
    • Kod określający zawartość
    • sti
    • 2
    • Źródło (terminu i kodu)
    • rdacontent
337 -Typ mediów [ , ]
    • a
    • Tryb odtwarzania
    • Bez urządzenia pośredniczącego
    • b
    • Kod typu mediów
    • n
    • 2
    • Źródło (terminu i kodu)
    • rdamedia
338 -Typ/rodzaj nośnika [ , ]
    • a
    • Hasło opisujące typ nośnika
    • Wolumin
    • b
    • Kod typu nośnika
    • nc
    • 2
    • Źródło (terminu i kodu)
    • rdacarrier
380 -Deskryptor - Forma dzieła (P) [ , ]
    • a
    • forma dzieła (NP)
    • Książki
380 -Deskryptor - Forma dzieła (P) [ , ]
    • a
    • forma dzieła (NP)
    • Poradniki i przewodniki
388 -Deskryptor - czas powstania dzieła (P) [1, ]
    • a
    • Czas powstania dzieła (NP)
    • 2001-
500 -Uwaga ogólna [ , ]
    • a
    • Uwaga ogólna (NP)
    • Na okładce i stronie tytułowej: Neuro Training.
500 -Uwaga ogólna [ , ]
    • a
    • Uwaga ogólna (NP)
    • Tytuł oryginału: Das Neue Krafttraining : wie du mit neurozentriertem training gehirn und muskeln optimal stimulierst, um deine performance zu steigern.
504 -Uwaga dot. bibliogr. załącznikowej [ , ]
    • a
    • Uwaga dot. bibliografii załącznikowej
    • Bibliografia na stronach 260-268. Indeks.
650 -Hasło przedmiotowe [ ,7]
    • a
    • Hasło przedmiotowe
    • Autonomiczny układ nerwowy
    • 2
    • Źródło terminu
    • DBN
    • 9
    • KHW
    • 723763
650 -Hasło przedmiotowe [ ,7]
    • a
    • Hasło przedmiotowe
    • Ćwiczenia siłowe
    • 2
    • Źródło terminu
    • DBN
    • 9
    • KHW
    • 723751
650 -Hasło przedmiotowe [ ,7]
    • a
    • Hasło przedmiotowe
    • Obwodowy układ nerwowy
    • 2
    • Źródło terminu
    • DBN
    • 9
    • KHW
    • 723767
650 -Hasło przedmiotowe [ ,7]
    • a
    • Hasło przedmiotowe
    • Oddychanie
    • 2
    • Źródło terminu
    • DBN
    • 9
    • KHW
    • 723750
650 -Hasło przedmiotowe [ ,7]
    • a
    • Hasło przedmiotowe
    • Sprawność motoryczna
    • 2
    • Źródło terminu
    • DBN
    • 9
    • KHW
    • 723754
650 -Hasło przedmiotowe [ ,7]
    • a
    • Hasło przedmiotowe
    • Trening sportowy
    • 2
    • Źródło terminu
    • DBN
    • 9
    • KHW
    • 723752
655 -Hasło w funkcji tematu formalnego [ ,7]
    • a
    • Hasło
    • Poradnik
    • 2
    • Źródło terminu
    • DBN
    • 9
    • KHW
    • 721725
655 -Hasło w funkcji tematu formalnego [ ,7]
    • a
    • Hasło
    • Publikacja bogato ilustrowana
    • 2
    • Źródło terminu
    • DBN
    • 9
    • KHW
    • 721766
658 -Ujęcie treści [ , ]
    • a
    • dziedzina nauki i sztuki/ sfera aktywności życiowej
    • Kultura fizyczna i sport
700 -Hasło dodatkowe - nazwa osobowa [1, ]
    • a
    • Nazwa osobowa (NP)
    • Stożek, Maria Find
    • c
    • Dopowiedzenie inne niż daty biograficzne (NP)
    • (tłumacz).
    • e
    • Określenie rodzaju współpracy
    • Tłumaczenie
    • 9
    • KHW
    • 485999
710 -Hasło dodatkowe - nazwa ciała zbiorowego [2, ]
    • a
    • Nazwa ciała zbiorowego lub nazwa geograficzna jako pierwszy element (NP)
    • Wydawnictwo Vital.
    • e
    • Rodzaj współpracy
    • Wydawca
    • 4
    • Kod relacji
    • pbl
    • 9
    • KHW
    • 72847
920 -ISBN [ , ]
    • a
    • ISBN
    • 978-83-8272-826-2 (oprawa miękka) : zł 99,90 Find
Lokalizacja Status udost. Sygnatura Data inwentaryzacji Numer inwentarzowy
BM1Teoria i metodyka sportu 622025-04-30WF.11185